书目信息 |
| 题名: |
三辅黄图校证
|
|
| 作者: | 陈直 著 | |
| 分册: | ||
| 出版信息: | 北京 中华书局 2021 |
|
| 页数: | 12,477页 | |
| 开本: | 21cm | |
| 丛书名: | 摹庐丛著 | |
| 单 册: | ||
| 中图分类: | G256.1 | |
| 科图分类: | ||
| 主题词: | 古籍整理--gu ji zheng li--中国 | |
| 电子资源: | ||
| ISBN: | 978-7-101-14942-5 | |
| 000 | 00945oam2 2200265 450 | |
| 001 | 2131061846 | |
| 005 | 20211029202829.0 | |
| 010 | @a978-7-101-14942-5@dCNY56.00 | |
| 100 | @a20210331d2021 em y0chiy0120 ea | |
| 101 | 0 | @achi |
| 102 | @aCN@b110000 | |
| 105 | @ay z 000yy | |
| 106 | @ar | |
| 200 | 1 | @a三辅黄图校证@Along wa weng gu ji jian zheng@Asan fu huang tu jiao zheng@a弄瓦翁古籍箋证@f陈直著 |
| 210 | @a北京@c中华书局@d2021 | |
| 215 | @a12,477页@d21cm | |
| 225 | 2 | @a摹庐丛著@Amo lu cong zhu |
| 330 | @a本书作者对《三辅黄图》作了较为详尽的校证,提出今本《三辅黄图》应为中唐以后人所作。《三辅黄图》是研究秦汉历史,特别是研究秦汉长安、咸阳历史地理的宝贵资料。 | |
| 461 | 0 | @12001 @a摹庐丛著 |
| 517 | 1 | @a弄瓦翁古籍箋证@Along wa weng gu ji jian zheng |
| 606 | 0 | @a古籍整理@Agu ji zheng li@y中国 |
| 690 | @aG256.1@v5 | |
| 701 | 0 | @a陈直@Achen zhi@4著 |
| 801 | 0 | @aCN@b百万庄@c20211029 |
| 905 | @b1313687-690@dG256.1@e119@f4 | |
| 三辅黄图校证;弄瓦翁古籍箋证/陈直著.-北京:中华书局,2021 |
| 12,477页;21cm.-(摹庐丛著) |
| ISBN 978-7-101-14942-5:CNY56.00 |
| 本书作者对《三辅黄图》作了较为详尽的校证,提出今本《三辅黄图》应为中唐以后人所作。《三辅黄图》是研究秦汉历史,特别是研究秦汉长安、咸阳历史地理的宝贵资料。 |
| ● |
| 相关链接 |
|
|
|
|
正题名:三辅黄图校证
索取号:G256.1/119
 
预约/预借
| 序号 | 登录号 | 条形码 | 馆藏地/架位号 | 状态 | 备注 |
| 1 | 1313687 | 213136872 | 第一样本阅览室/ [索取号:G256.1/119] | 在馆 | |
| 2 | 1313688 | 213136881 | 第四借阅区/ [索取号:G256.1/119] | 在馆 | |
| 3 | 1313689 | 213136890 | 第四借阅区/ [索取号:G256.1/119] | 在馆 | |
| 4 | 1313690 | 213136907 | 第四借阅区/ [索取号:G256.1/119] | 在馆 |